000
00262nam a22001097a 4500
082
_a
621.0045 MID'T
100
_a
MIDDELETON, ROBERT G
_9
57467
245
_a
TEST EQUIPMENT MAINTENANCE HANDBOOK
260
_a
NEWYORK
_b
HOWARD
_c
1963
300
_a
160P
942
_c
BK
999
_c
567744
_d
567744